=LDR 00000nam 2200000 4500 =001 INLIS000000000031354 =005 20130612133431 =008 ***********************************ind** =035 ##$$a0010-061300000031354 =041 ##$$a ind =082 ##$$a 611. 1 =090 ##$$a 611. 1 , Mut p =100 ##$$a Muttaqin,Arif =245 ##$$a Pengantar asuhan keperawatan klien dengan gangguan sistem kardiovaskular, Arif Muttaqin; editor, Elly Nurachmach =260 ##$$a 2009 $b Jakarta =300 ##$$a xi, 217 hlm. , ilus. , 26 cm =650 ##$$a Kardovaskular =650 ##$$a Perawatan =700 ##$$a Hurachmach,Elly =850 ##$$a NBPNMAT =990 ##$$a 91694/BPAP-NTB/2014 =990 ##$$a 21195862/BPAP-NTB/2014